000 01165nam a22003257a 4500
001 BR8711979
003 BR-BrBNA
005 20230928092804.0
007 ta
008 230509b bl.||||| |||| 00| 0 por d
040 _aBR-BrBNA
_bpor
_cBiblioteca Nacional de Agricultura
041 _a(Por)
072 _aF60
_b0120
_b0230
_b1410
090 _ 0120 BR8711979
100 1 _aEduardo, B.J.F. de P.
110 1 _aEscola Superior de Agricultura Luiz de Queiroz, Piracicaba, SP (Brasil)
_0Tese (Mestre em Agronomia)
245 1 _aO 14C como tracador do carbono assimilado pelas plantas (milho, cana-de-acucar, feijao)e sua liberacao ao solo
246 1 _a[The 14C as tracer in the carbon flow assimilated by the plants (maize, sugar cane, bean)and it liberation to the soil]
260 3 _aPiracicaba, SP (Brasil):
_c1987.
300 _a142 p.
500 _a22 illus.; 23 tables; Bibliography p. 132-142 (72 ref.); Summaries (Eng, Por)
650 _aMILHO
650 _aFEIJAO
650 _aCANA DE ACUCAR
650 _aRELACAO SOLO-PLANTA
650 _aRESPIRACAO
650 _aGAS CARBONICO
909 _a202309
_bLucia
_c55
_dLucia Elande
942 _cBK
999 _c41201
_d41201